Countries With English as an Official Language - Sudden Death - Statistics

General Stats
  • This quiz has been taken 61 times
  • The average score is 5 of 14
Answers on the Grid
Answers color-coded by a green-red scale on the quiz's grid according to % correct below.
Burundi
Central African Republic
Rwanda
Bangladesh
Belize
Suriname
Malta
Dominican Republic
Guyana
Myanmar
Sudan
Israel
Dominica
Cyprus
Gambia
Senegal
Philippines
Maldives
Eswatini
Gabon
Palau
Sri Lanka
Kenya
Ethiopia
Tanzania
Malaysia
Singapore
Indonesia
 
Answer Stats
Answer % Correct
Singapore
77%
Dominica
54%
Kenya
54%
Guyana
49%
Malta
49%
Belize
46%
Gambia
34%
Philippines
29%
Tanzania
29%
Palau
23%
Eswatini
20%
Sudan
20%
Rwanda
14%
Burundi
11%
No matching quizzes found
Score Distribution
Percent of People with Each Score
Percentile by Number Answered
Your Score History
You have not taken this quiz